Statystyki dla Największy państwo w ... #2

Kliknij tutaj aby rozwiązać quiz!

Ogólne statystyki

  • Ten quiz został rozwiązany 110 razy
  • Średni wynik to 10 z 18

Statystyki odpowiedzi

Największy w ...Kraj% Poprawnych
Graniczy z Morzem ŚródziemnymAlgieria
85%
Kraje nordyckieSzwecja
83%
Kraj portugalskiBrazylia
81%
Kraj serbsko-chorwacki mówiącySerbia
79%
Kraj bez dostępu do morzaKazachstan
76%
Kraj bez dostępu do morza
kraj w obu Amerykach
Boliwia
75%
Europejski kraj wyspiarskiWielka Brytania
73%
Kraj bez dostępu do morza
w Europie
Białoruś
67%
Ameryka ŚrodkowaNikaragua
63%
Afryka Subsaharyjska
(Czarna Afryka)
Demokratyczna Republika Konga
63%
bez granic lądowychAustralia
60%
Kraj bez dostępu do morza
w Afryce
Czad
58%
UE, w tym wszystkie terytoriaDania
40%
*Na wyspieIndonezja
40%
Kraj berberyjskiAlgieria
16%
bez rzekArabia Saudyjska
14%
bez wężyNowa Zelandia
5%
bez górBiałoruś
4%

Rozkład punktacji

Percentyl według liczby udzielonych odpowiedzi

Procent ludzi z każdym wynikiem

Twoja historia wyników

Nie rozwiązałeś tego quizu